00634 2200241 4500001002100000005001700021008004100038020001800079035002400097082000800121090001500129100002200144245007500166260003100241300002200272650002000294850001500314980001200329985000600341999001500347999001500362999001500377YOGYA-0209000001139120090227022125.0 ind  a979-8492-04-8 0010-020900000011391 a372 a372bSch B aSCHAEFER, Charles aBagaimana Mendidik Anak dan Mendisiplinkan anakcOleh Charles Schaefer aJakartabRestu Agungc2003 aVII, 138hlmc21cm aPendidikan Anak aYOPDYOG(B) a22-9-05 a3 a03P0004642 a03P0004643 a03P0004644